Guess the Painter #2 - Statistics

General Stats
  • This quiz has been taken 36 times
  • The average score is 6 of 18
Answer Stats
Picture Hint Answer % Correct
Anxiety Edvard Munch
86%
The Channel of Gravelines, Petit Fort Philippe Georges Seurat
76%
Blue Poles Jackson Pollock
76%
Broadway Boogie Woogie Piet Mondrian
55%
Bottle and Fishes Georges Braque
52%
The Oath of Horatii Jacques-Louis David
48%
Untitled (Blue Divided by Blue) Mark Rothko
41%
The Poetess Joan Miró
38%
Southern Gardens Paul Klee
38%
Crucifixion Francis Bacon
28%
The Last Judgement Giotto
24%
Stormtroops Advancing under Gas Otto Dix
21%
Judith Beheading Holofernes Artemisia Gentileschi
10%
Seascape Study with Rain Cloud John Constable
10%
Abduction of the Sabine Women Nicolas Poussin
7%
Self-Portrait with Death as a Fiddler Arnold Böcklin
3%
Battle of San Romano Paolo Uccello
3%
Still Life with Violin and Glass Ball Pieter Claesz
0%
No matching quizzes found
Score Distribution
Percent of People with Each Score
Percentile by Number Answered
Your Score History
You have not taken this quiz